[Event "15. OIBM Bad Wiessee"]
[Site "Bad Wiessee"]
[Date "2011.11.01"]
[Round "5.17"]
[White "Lorenz, Sascha"]
[Black "Rozentalis, Eduardas"]
[Result "0-1"]
[WhiteElo "2272"]
[BlackElo "2575"]
[PlyCount "114"]
[EventDate "2011.??.??"]
[WhiteTeam "SK König Tegel 1949 e.V."]

1. e4 e6 2. d4 d5 3. Bd3 dxe4 4. Bxe4 Nf6 5. Bf3 c5 6. Ne2 Nc6 7. Be3 Nd5 8.
Bxd5 Qxd5 9. Nbc3 Qd7 10. dxc5 Ne5 11. Bd4 Ng6 12. Qd3 Qc6 13. O-O-O Bd7 14.
Be3 Ne5 15. Qd4 f6 16. h3 Rc8 17. f4 Nf7 18. Qd3 e5 19. b4 Be7 20. f5 e4 21.
Qxe4 Qxe4 22. Nxe4 Bxf5 23. N4g3 Bg6 24. Nf4 a5 25. a3 Ne5 26. Bd4 O-O 27. Rhe1
Nc6 28. Bc3 axb4 29. axb4 Rfd8 30. Rxd8+ Bxd8 31. Nxg6 hxg6 32. Rd1 b6 33. cxb6
Bxb6 34. Kb2 Ne7 35. Ne4 Nf5 36. g4 Ne3 37. Rd7 Rc4 38. Rb7 Rxe4 39. Kb3 Nd5
40. Bd2 Rd4 41. Be1 Re4 42. Bd2 Re2 43. Bc1 Rh2 44. Kc4 Ne3+ 45. Bxe3 Bxe3 46.
b5 Bf4 47. Kd3 Rxh3+ 48. Ke4 g5 49. c4 Rc3 50. Kd5 f5 51. gxf5 g4 52. Rb6 g5
53. Rg6+ Kf7 54. b6 g3 55. b7 Rb3 56. Re6 g2 57. Re1 Rxb7 0-1

[Event "15. OIBM Bad Wiessee"]
[Site "Bad Wiessee"]
[Date "2011.11.01"]
[Round "5.18"]
[White "Andersson, Ulf"]
[Black "Wengholm, Anders"]
[Result "1-0"]
[WhiteElo "2582"]
[BlackElo "2199"]
[PlyCount "77"]
[EventDate "2011.??.??"]
[WhiteTeam "SF Gerresheim 86 e.V."]
[BlackTeam "Alingsus SS"]

1. d4 Nf6 2. Nf3 g6 3. g3 Bg7 4. Bg2 O-O 5. O-O d6 6. c4 Nbd7 7. Nc3 e5 8. e4
exd4 9. Nxd4 Re8 10. h3 a6 11. Rb1 Rb8 12. Re1 Ne5 13. b3 c5 14. Nc2 Be6 15.
Bb2 Qd7 16. f4 Nc6 17. g4 Qd8 18. f5 Bc8 19. g5 Nd7 20. f6 Bf8 21. Nd5 b5 22.
Nce3 Nde5 23. Bc3 Be6 24. Kh2 Qd7 25. Kg3 Qa7 26. Qd2 Rb7 27. Rbd1 a5 28. Bf1
bxc4 29. bxc4 Reb8 30. Bd3 Nd4 31. Rf1 a4 32. h4 a3 33. Rb1 Qa4 34. Rxb7 Rxb7
35. Qd1 Qa6 36. Rf2 Bd7 37. Bf1 Ndc6 38. Qc1 Nd4 39. Nc2 1-0

[Event "15. OIBM Bad Wiessee"]
[Site "Bad Wiessee"]
[Date "2011.11.01"]
[Round "5.19"]
[White "Seyb, Dieter"]
[Black "Hertneck, Gerald"]
[Result "0-1"]
[WhiteElo "2252"]
[BlackElo "2547"]
[PlyCount "86"]
[EventDate "2011.??.??"]
[WhiteTeam "SC Forchheim e.V."]
[BlackTeam "MSA Zugzwang 82 e.V."]

1. c4 e5 2. g3 Nf6 3. Bg2 d5 4. cxd5 Nxd5 5. Nc3 Nb6 6. Nf3 Nc6 7. O-O Be7 8.
a3 O-O 9. b4 Re8 10. Rb1 Bf8 11. d3 Nd4 12. Nd2 c6 13. e3 Nb5 14. Qc2 Nxc3 15.
Qxc3 Bg4 16. Re1 Qd7 17. Ne4 Na4 18. Qc2 b5 19. Nc3 Nxc3 20. Qxc3 Rac8 21. Bf1
c5 22. Qb3 Bh3 23. Bg2 Bxg2 24. Kxg2 cxb4 25. axb4 e4 26. d4 Re6 27. h3 Rf6 28.
Qd1 Rf3 29. Re2 Rc6 30. Rc2 Rh6 31. Qh1 Rf5 32. Bd2 Rfh5 33. h4 g5 34. Qh3 f5
35. Rbc1 Bd6 36. Rc8+ Kf7 37. Kf1 gxh4 38. g4 fxg4 39. Qg2 Qf5 40. Ra8 h3 41.
Rxa7+ Kg6 42. Qg1 h2 43. Qh1 Qf3 0-1

[Event "15. OIBM Bad Wiessee"]
[Site "Bad Wiessee"]
[Date "2011.11.01"]
[Round "5.20"]
[White "Schäfer, Michael"]
[Black "Teske, Henrik"]
[Result "0-1"]
[WhiteElo "2244"]
[BlackElo "2547"]
[PlyCount "102"]
[EventDate "2011.??.??"]
[WhiteTeam "Freibauer Mörlenbach-Birkenau"]
[BlackTeam "SC 1950 Remagen"]

1. d4 f5 2. g3 Nf6 3. Bg2 g6 4. c4 Bg7 {Diagramm #} 5. b4 $2 Nc6 $1 6. Bb2 (6.
b5 Nxd4 $1 7. Qxd4 Nh5 $19) 6... Nxb4 7. Nf3 O-O 8. O-O d6 9. Qb3 c5 10. dxc5
dxc5 11. Rd1 Qb6 12. Nc3 Na6 13. Qxb6 axb6 14. Na4 Nd7 15. Bxg7 Kxg7 16. a3
Nab8 17. Nc3 Nc6 18. Nd5 Kh6 19. e3 Ra4 20. Bf1 e6 21. Nc3 Ra5 22. h4 Kg7 23.
Nb5 h6 24. Rd6 Nf6 25. Rad1 Ne4 26. R6d3 Kf6 27. Nd2 Nxd2 28. R3xd2 Ke7 29. Nd6
Ne5 30. Be2 Bd7 31. f4 Ba4 32. fxe5 Bxd1 33. Bxd1 Rxa3 34. Kf2 g5 35. h5 Rfa8
36. Bf3 Ra2 37. Rxa2 Rxa2+ 38. Ke1 Rh2 39. g4 fxg4 40. Bxg4 Rh4 41. Be2 g4 42.
Nc8+ Kd8 43. Nd6 Ke7 44. Nc8+ Kd7 45. Nxb6+ Kc7 46. Na4 g3 47. Kf1 Rh1+ 48. Kg2
Rh2+ 49. Kf1 Rf2+ 50. Ke1 Rf5 51. Bf1 Rxe5 0-1

[Event "15. OIBM Bad Wiessee"]
[Site "Bad Wiessee"]
[Date "2011.11.01"]
[Round "5.21"]
[White "Kempter, Ronald"]
[Black "Bromberger, Stefan"]
[Result "0-1"]
[WhiteElo "2248"]
[BlackElo "2511"]
[PlyCount "76"]
[EventDate "2011.??.??"]
[WhiteTeam "SK Krumbach"]
[BlackTeam "FC Bayern München e.V."]

1. Nf3 Nf6 2. g3 g6 3. Bg2 Bg7 4. O-O O-O 5. c4 d6 6. d4 Nbd7 7. Nc3 e5 8. e4
a6 9. dxe5 dxe5 10. Qc2 c6 11. b3 Re8 12. Bb2 a5 13. Rad1 Qe7 14. Rfe1 Bf8 15.
Ne2 Nh5 16. Nc1 f6 17. Nd3 Nc5 18. Nxc5 Qxc5 19. Bc1 Be6 20. Be3 Qb4 21. Bf1
Ng7 22. Nd2 Bc5 23. Bxc5 Qxc5 24. Qb2 Red8 25. Be2 Rd4 26. Qb1 Rf8 27. Nf3 Rxd1
28. Bxd1 Bg4 29. Nd2 Rd8 30. Nf1 Bh3 31. Ne3 Ne6 32. Bg4 Bxg4 33. Nxg4 h5 34.
Ne3 Ng5 35. Rd1 Rxd1+ 36. Qxd1 Qd4 37. Qc1 Qxe4 38. h4 Nh3+ 0-1

[Event "15. OIBM Bad Wiessee"]
[Site "Bad Wiessee"]
[Date "2011.11.01"]
[Round "5.22"]
[White "Möldner, Juergen"]
[Black "Siebrecht, Sebastian"]
[Result "0-1"]
[WhiteElo "2259"]
[BlackElo "2471"]
[PlyCount "64"]
[EventDate "2011.??.??"]
[WhiteTeam "SK Landau"]
[BlackTeam "Sportfreunde Katernberg 1913 e.V"]

1. e4 c5 2. Nf3 e6 3. d4 cxd4 4. Nxd4 a6 5. Bd3 Nf6 6. Nc3 d6 7. O-O Be7 8. Kh1
b5 9. a3 Bb7 10. f4 Nbd7 11. Qe2 Nc5 12. b4 Nxd3 13. cxd3 O-O 14. Bb2 Re8 15.
Rf3 Bf8 16. Raf1 Rc8 17. Rg3 g6 18. f5 Bg7 19. Nd1 e5 20. Nb3 Nh5 21. Rgf3 Nf4
22. Qf2 gxf5 23. Rxf4 exf4 24. Bxg7 Kxg7 25. Nd4 fxe4 26. Qxf4 Kh8 27. Qh6 exd3
28. Nf5 Rg8 29. Nde3 Rg6 30. Qf4 Qf6 31. h3 Rc4 32. Qf2 Rc2 0-1

[Event "15. OIBM Bad Wiessee"]
[Site "Bad Wiessee"]
[Date "2011.11.01"]
[Round "5.23"]
[White "Pezerovic, Edin"]
[Black "Zygouris, Hristos"]
[Result "1-0"]
[WhiteElo "2455"]
[BlackElo "2194"]
[PlyCount "81"]
[EventDate "2011.??.??"]
[WhiteTeam "TV Tegernsee"]
[BlackTeam "ESKA"]

1. d4 d5 2. Nf3 Nf6 3. Bf4 e6 4. e3 Be7 5. Bd3 Nbd7 6. h3 c5 7. c3 O-O 8. Nbd2
c4 9. Bc2 b5 10. e4 dxe4 11. Nxe4 Bb7 12. Ng3 Nd5 13. Bd2 b4 14. O-O Rc8 15.
Ne5 bxc3 16. bxc3 f5 17. Nf3 Bd6 18. Ng5 Rf6 19. Re1 Nf8 20. Nf3 Rg6 21. Nh5
Nf6 22. Nh4 Nxh5 23. Qxh5 Rf6 24. Bg5 Be7 25. Rab1 Ba8 26. Qe2 Rf7 27. Bxe7
Qxe7 28. Nf3 Qa3 29. Ne5 Rfc7 30. Qd2 Qd6 31. Rb4 Ng6 32. Qg5 Nxe5 33. Rxe5 Bd5
34. Rb5 Rf7 35. Rbxd5 exd5 36. Bxf5 Rcf8 37. Be6 Qb8 38. Bxd5 Kh8 39. Bxf7 Rxf7
40. Rb5 Qf8 41. Qe5 1-0

[Event "15. OIBM Bad Wiessee"]
[Site "Bad Wiessee"]
[Date "2011.11.01"]
[Round "5.24"]
[White "Baum, Bernd"]
[Black "Bluebaum, Matthias"]
[Result "1/2-1/2"]
[WhiteElo "2294"]
[BlackElo "2388"]
[PlyCount "35"]
[EventDate "2011.??.??"]
[WhiteTeam "SV Empor Erfurt"]
[BlackTeam "SC Hansa Dortmund e.V."]

1. Nf3 Nf6 2. c4 c6 3. g3 d5 4. Bg2 Bg4 5. Ne5 Be6 6. cxd5 Bxd5 7. Nf3 c5 8.
O-O Nbd7 9. Nc3 Bc6 10. d3 e6 11. e4 Be7 12. Qe2 O-O 13. d4 Rc8 14. Rd1 cxd4
15. Nxd4 e5 16. Nxc6 Rxc6 17. Bg5 Qe8 18. Rac1 1/2-1/2

[Event "15. OIBM Bad Wiessee"]
[Site "Bad Wiessee"]
[Date "2011.11.01"]
[Round "5.25"]
[White "Kostic, Vladimir"]
[Black "Löw, Gerald"]
[Result "1/2-1/2"]
[WhiteElo "2433"]
[BlackElo "2266"]
[PlyCount "63"]
[EventDate "2011.??.??"]
[WhiteTeam "SK München Südost e.V."]
[BlackTeam "TSV Bindlach Aktionär-Schachabte"]

1. Nf3 c5 2. g3 g6 3. Bg2 Bg7 4. O-O Nc6 5. c4 e5 6. Nc3 Nge7 7. d3 O-O 8. Ne1
d6 9. Nc2 Rb8 10. Bg5 f6 11. Bd2 a6 12. Qc1 b5 13. b3 Be6 14. Nd5 Bf7 15. Bh6
Nxd5 16. cxd5 Nd4 17. Nxd4 cxd4 18. Bxg7 Kxg7 19. Qa3 Qb6 20. b4 Rfc8 21. Rfc1
Qb7 22. Qb3 Rxc1+ 23. Rxc1 Rc8 24. Qa3 Rxc1+ 25. Qxc1 Bxd5 26. Bxd5 Qxd5 27.
Qc7+ Qf7 28. Qxd6 Qxa2 29. Qe7+ Qf7 30. Qd6 Qa2 31. Qe7+ Qf7 32. Qd6 1/2-1/2

[Event "15. OIBM Bad Wiessee"]
[Site "Bad Wiessee"]
[Date "2011.11.01"]
[Round "5.27"]
[White "Pohle, Dirk"]
[Black "Morawietz, Dieter"]
[Result "1-0"]
[WhiteElo "2215"]
[BlackElo "2432"]
[PlyCount "63"]
[EventDate "2011.??.??"]
[WhiteTeam "SC Solingen 1928 e.V."]
[BlackTeam "Klub Kölner SF e.V. 1"]

1. d4 Nf6 2. Nf3 e6 3. c4 b6 4. a3 Ba6 5. Qc2 Bb7 6. Nc3 c5 7. e4 cxd4 8. Nxd4
Bc5 9. Nb3 Nc6 10. Bg5 h6 11. Bh4 Nd4 12. Nxd4 Bxd4 13. Bd3 Qb8 14. Bg3 Be5 15.
O-O-O O-O 16. Qe2 Rc8 17. Kb1 d6 18. Bxe5 dxe5 19. g4 g6 20. Rhg1 Ne8 21. Rg3
Kg7 22. Qe3 Nd6 23. Rh3 Rh8 24. f4 exf4 25. Qd4+ Kg8 26. e5 Ne8 27. Qxf4 a6 28.
Bxg6 fxg6 29. Rd7 Rh7 30. Rxh7 Kxh7 31. Qxh6+ Kg8 32. Qh8+ 1-0

[Event "15. OIBM Bad Wiessee"]
[Site "Bad Wiessee"]
[Date "2011.11.01"]
[Round "5.30"]
[White "Kotainy, Jens"]
[Black "Kassani, Sam"]
[Result "1-0"]
[WhiteElo "2406"]
[BlackElo "1998"]
[PlyCount "59"]
[EventDate "2011.??.??"]
[WhiteTeam "Sportfreunde Katernberg 1913 e.V"]
[BlackTeam "Sollentuna sk"]

1. e4 c6 2. c4 d5 3. cxd5 cxd5 4. exd5 Nf6 5. Nc3 Nbd7 6. Nf3 g6 7. Qa4 Bg7 8.
Bc4 a6 9. d3 O-O 10. Qa3 b6 11. O-O Bb7 12. Re1 Re8 13. Ng5 Rc8 14. Bf4 b5 15.
Bb3 Nc5 16. d6 Nxb3 17. Qxb3 e6 18. Nge4 Nd5 19. Nxd5 Bxd5 20. Qa3 Rc6 21. Rac1
a5 22. Rxc6 Bxc6 23. Qc5 Qa8 24. Be5 Bxe4 25. dxe4 f6 26. Bg3 Qb7 27. Qc7 Qa8
28. d7 Rd8 29. e5 fxe5 30. Bh4 1-0

[Event "15. OIBM Bad Wiessee"]
[Site "Bad Wiessee"]
[Date "2011.11.01"]
[Round "5.31"]
[White "Rahls, Peter"]
[Black "Ortmann, David"]
[Result "0-1"]
[WhiteElo "2244"]
[BlackElo "2355"]
[PlyCount "64"]
[EventDate "2011.??.??"]
[WhiteTeam "SK Zehlendorf e.V."]
[BlackTeam "SC Böblingen 1975 e.V."]

1. e4 c6 2. c4 e5 3. Nf3 Qa5 4. Nc3 Nf6 5. d3 Bb4 6. Bd2 Qc7 7. Be2 O-O 8. O-O
Re8 9. Rc1 Be7 10. Bg5 d6 11. d4 exd4 12. Qxd4 Bg4 13. Bxf6 Bxf6 14. e5 Bxf3
15. exf6 Bxe2 16. Nxe2 Nd7 17. Ng3 Nxf6 18. Rfd1 Qb6 19. Qxd6 Qxb2 20. Rb1 Qxa2
21. Rxb7 Qxc4 22. h3 a5 23. Nf5 Qc2 24. Ne7+ Kh8 25. Re1 a4 26. Re3 a3 27. Nxc6
a2 28. Ne5 a1=Q+ 29. Kh2 Qxf2 30. Nxf7+ Kg8 31. Nh6+ gxh6 32. Rg3+ Kh8 0-1

[Event "15. OIBM Bad Wiessee"]
[Site "Bad Wiessee"]
[Date "2011.11.01"]
[Round "5.38"]
[White "Maric, Davor"]
[Black "Haldemann, Paul"]
[Result "1-0"]
[WhiteElo "2319"]
[BlackElo "2090"]
[PlyCount "81"]
[EventDate "2011.??.??"]
[WhiteTeam "Kasseler SK 1876"]
[BlackTeam "Schachklub Trubschachen"]

1. e4 c5 2. Nf3 e6 3. b3 b6 4. Bb2 Bb7 5. e5 Nc6 6. Be2 d6 7. O-O a6 8. exd6
Nf6 9. Na3 Bxd6 10. Nc4 Be7 11. d4 b5 12. Nce5 O-O 13. c4 b4 14. Nxc6 Bxc6 15.
Ne5 Bb7 16. Bf3 Qc7 17. Qe2 cxd4 18. Bxd4 Rfd8 19. Rad1 Nd7 20. Rfe1 Bxf3 21.
Qxf3 Nxe5 22. Bxe5 Qc5 23. Bd4 Qc7 24. Qe3 Qc6 25. Qg3 Bf8 26. h4 Rd7 27. h5 h6
28. Bf6 Kh8 29. Rxd7 Qxd7 30. Qf3 Qa7 31. Bh4 f6 32. Rxe6 Rc8 33. Qe4 Qd7 34.
Qe2 Bd6 35. Re3 Rd8 36. g4 Be5 37. Kg2 Qd2 38. Bg3 Bc3 39. Bc7 Rd4 40. Re8+ Kh7
41. Qe6 1-0

[Event "15. OIBM Bad Wiessee"]
[Site "Bad Wiessee"]
[Date "2011.11.01"]
[Round "5.39"]
[White "Danielmeier, Ralf"]
[Black "Bach, Matthias"]
[Result "0-1"]
[WhiteElo "2193"]
[BlackElo "2316"]
[PlyCount "80"]
[EventDate "2011.??.??"]
[WhiteTeam "Bielefelder SK von 1883"]
[BlackTeam "Hamburger SK von 1830 eV"]

1. e4 d6 2. d4 Nd7 3. Nc3 c5 4. Nf3 cxd4 5. Nxd4 Ngf6 6. g3 g6 7. Bg2 Bg7 8.
O-O h5 9. Nd5 h4 10. Re1 hxg3 11. hxg3 Ne5 12. c3 Bg4 13. Qa4+ Kf8 14. Bg5 Nxd5
15. exd5 Rh5 16. f4 Rxg5 17. fxg5 Qc8 18. Rf1 Qc5 19. Qb5 Nf3+ 20. Kh1 Qxb5 21.
Nxb5 Nxg5 22. Rf4 Bd7 23. Nd4 Be5 24. Rh4 Kg7 25. Ne2 b5 26. a4 bxa4 27. Rb4 a6
28. Rb7 Bb5 29. Nf4 Rh8+ 30. Kg1 Kf6 31. Bf1 a3 32. Bxb5 (32. Rxa3 Nf3+ 33. Kf2
Rh2+ 34. Bg2) 32... axb2 33. Rf1 Nf3+ 34. Kg2 Nd2 35. Bxa6 Nxf1 36. Bxf1 Bxc3
37. Nd3 Ra8 38. Kf3 Ra1 39. Nxb2 Rxf1+ 40. Kg2 Rb1 0-1

[Event "15. OIBM Bad Wiessee"]
[Site "Bad Wiessee"]
[Date "2011.11.01"]
[Round "5.41"]
[White "Berchtenbreiter, Max"]
[Black "Kastek, Thomas"]
[Result "1-0"]
[WhiteElo "2290"]
[BlackElo "2172"]
[PlyCount "77"]
[EventDate "2011.??.??"]
[WhiteTeam "SGem Pang/Rosenheim"]
[BlackTeam "Hamburger SK von 1830 eV"]

1. e4 e6 2. b3 c5 3. Bb2 Nc6 4. Nf3 d6 5. g3 Nf6 6. Qe2 Be7 7. Bg2 O-O 8. O-O
Bd7 9. Rd1 Re8 10. d4 cxd4 11. Nxd4 Nxd4 12. Rxd4 Qc7 13. c4 a6 14. Nc3 Bc6 15.
Qd2 b5 16. Rc1 Qb7 17. f3 Nd7 18. Nd1 Bd8 19. Ne3 Be7 20. Nd5 Bd8 21. Ne3 Be7
22. Kh1 Nc5 23. cxb5 axb5 24. Bc3 Red8 25. Qf2 Qa6 26. b4 Nd7 27. Rc2 Nf6 28.
g4 Qb7 29. g5 Ne8 30. Qg3 Ra3 31. Ng4 Rda8 32. e5 d5 33. Bf1 g6 34. Nh6+ Kf8
35. Rf4 f5 36. gxf6 Bd8 37. Bd4 Bb6 38. Qf2 R3a4 39. Bc5+ 1-0

[Event "15. OIBM Bad Wiessee"]
[Site "Bad Wiessee"]
[Date "2011.11.01"]
[Round "5.42"]
[White "Schatz, Dieter"]
[Black "Wacker, Peter"]
[Result "0-1"]
[WhiteElo "2213"]
[BlackElo "2270"]
[PlyCount "112"]
[EventDate "2011.??.??"]
[WhiteTeam "SK Landau"]
[BlackTeam "Pulheimer Sport-Club 1924/57 e.V"]

1. e4 d5 2. Nc3 d4 3. Nce2 e5 4. Ng3 Be6 5. Nf3 f6 6. Bd3 h5 7. Nh4 Bf7 8. Qf3
Nd7 9. b3 g6 10. Bc4 Qe7 11. a4 O-O-O 12. Ba3 Qe8 13. Bxf8 Nxf8 14. O-O Ne6 15.
Bxe6+ Bxe6 16. a5 Qf7 17. a6 b6 18. Qd3 Ne7 19. Rfe1 Rd6 20. h3 Kb8 21. Reb1
Rhd8 22. Re1 R6d7 23. Ra4 Nc8 24. Nf1 Nd6 25. Qf3 c6 26. d3 Nb5 27. Nd2 Rg8 28.
Nc4 Nc7 29. Raa1 Rdd8 30. Qe2 Bc8 31. Qf3 Rgf8 32. Qg3 Rg8 33. Ra3 Qh7 34. Qf3
Nb5 35. Raa1 g5 36. Qxf6 gxh4 37. Qxe5+ Ka8 38. Kh2 Rdf8 39. f3 Qg6 40. Re2 Rf6
41. Kh1 Re8 42. Qh2 Qg3 43. Qxg3 hxg3 44. Kg1 Kb8 45. e5 Nc3 46. exf6 Nxe2+ 47.
Kf1 Nf4 48. f7 Rf8 49. Ne5 Kc7 50. Re1 Bf5 51. Kg1 b5 52. Kf1 Kd6 53. Kg1 Bg6
54. Nxg6 Nxg6 55. Re4 c5 56. b4 Rxf7 0-1

[Event "15. OIBM Bad Wiessee"]
[Site "Bad Wiessee"]
[Date "2011.11.01"]
[Round "5.46"]
[White "Obermeier, Herbert"]
[Black "Lokander, Martin"]
[Result "0-1"]
[WhiteElo "2002"]
[BlackElo "2113"]
[PlyCount "46"]
[EventDate "2011.??.??"]
[WhiteTeam "SG Traunstein/Traunreut e.V."]
[BlackTeam "SK Rockaden"]

1. d4 Nf6 2. Nf3 g6 3. b3 Bg7 4. Bb2 O-O 5. Nbd2 d5 6. g3 c6 7. Bg2 a5 8. a3
Bf5 9. Nh4 Bg4 10. h3 Be6 11. Nhf3 Qc8 12. Rc1 a4 13. bxa4 Nbd7 14. Ng5 Nb6 15.
a5 Rxa5 16. Nxe6 Qxe6 17. Nb3 Ra7 18. Nc5 Qd6 19. Ra1 Nc4 20. Bc1 b6 21. Bf4 e5
22. dxe5 Qxc5 23. exf6 Bxf6 0-1

[Event "15. OIBM Bad Wiessee"]
[Site "Bad Wiessee"]
[Date "2011.11.01"]
[Round "5.49"]
[White "de Heer, Peter"]
[Black "Grant, Jonathan"]
[Result "1-0"]
[WhiteElo "2049"]
[BlackElo "2209"]
[PlyCount "73"]
[EventDate "2011.??.??"]
[WhiteTeam "Zuckertort"]
[BlackTeam "Edinburgh West"]

1. c4 e6 2. Nc3 c5 3. g3 Nf6 4. Bg2 d5 5. cxd5 exd5 6. d4 cxd4 7. Qxd4 Nc6 8.
Qa4 d4 9. Ne4 Bb4+ 10. Bd2 Bxd2+ 11. Nxd2 O-O 12. Ngf3 Re8 13. Nb3 d3 14. e3
Re4 15. Qb5 Rb4 16. Qc5 Be6 17. Nfd2 Rb6 18. O-O Rc8 19. Rac1 a6 20. Rfd1 Rb5
21. Qc3 Nb4 22. Qd4 Nxa2 23. Rxc8 Qxc8 24. Qxd3 h6 25. Nd4 Rxb2 26. Nxe6 fxe6
27. Nc4 Rb4 28. Nd6 Qc3 29. Qg6 Qc7 30. Nf7 Qxf7 31. Rd8+ Qf8 32. Rxf8+ Kxf8
33. Qc2 b5 34. Qxa2 Ra4 35. Qxe6 b4 36. Bf1 Ra1 37. Kg2 1-0

[Event "15. OIBM Bad Wiessee"]
[Site "Bad Wiessee"]
[Date "2011.11.01"]
[Round "5.51"]
[White "Ries, Berthold"]
[Black "Prüske, Wolfgang"]
[Result "0-1"]
[WhiteElo "1988"]
[BlackElo "2106"]
[PlyCount "60"]
[EventDate "2011.??.??"]
[WhiteTeam "SU Ebersberg-Grafing"]
[BlackTeam "SC Hansa Dortmund e.V."]

1. e4 c6 2. d4 d5 3. exd5 cxd5 4. c4 Nf6 5. Nc3 g6 6. Nf3 Bg7 7. c5 Nc6 8. Bb5
O-O 9. O-O Bg4 10. Bxc6 bxc6 11. h3 Bxf3 12. Qxf3 Nd7 13. Be3 e5 14. Qd1 e4 15.
g3 f5 16. Qd2 Nf6 17. Bg5 Qd7 18. b4 Nh5 19. Ne2 f4 20. g4 f3 21. Nf4 Nf6 22.
Bh4 Nxg4 23. Bg3 Bh6 24. Rfb1 Nf6 25. Qd1 Bxf4 26. Bxf4 Qxh3 27. Qf1 Qg4+ 28.
Bg3 Nh5 29. Kh2 Nxg3 30. fxg3 Rf5 0-1

[Event "15. OIBM Bad Wiessee"]
[Site "Bad Wiessee"]
[Date "2011.11.01"]
[Round "5.26"]
[White "Lund, Silas"]
[Black "Wegerer, Fred"]
[Result "1-0"]
[WhiteElo "2380"]
[BlackElo "2159"]
[PlyCount "51"]
[EventDate "2011.??.??"]

1. e4 c6 2. d4 d5 3. Nc3 dxe4 4. Nxe4 Nf6 5. Nxf6+ exf6 6. c3 Bd6 7. Bd3 O-O 8.
Qc2 Re8+ 9. Ne2 g6 10. h4 Be6 11. h5 f5 12. Bd2 Nd7 13. hxg6 fxg6 14. g4 Bd5
15. O-O-O Rxe2 16. Bxe2 fxg4 17. Bxg4 Nf6 18. Bg5 Bxh1 19. Rxh1 Bf4+ 20. Bxf4
Nxg4 21. Rg1 Nf6 22. Be5 Nd5 23. f4 Qh4 24. f5 Rf8 25. fxg6 h6 26. g7 1-0

[Event "15. OIBM Bad Wiessee"]
[Site "Bad Wiessee"]
[Date "2011.11.01"]
[Round "5.29"]
[White "Kartsev, Alexandr"]
[Black "Fedorovsky, Michael"]
[Result "1/2-1/2"]
[WhiteElo "2174"]
[BlackElo "2416"]
[PlyCount "38"]
[EventDate "2011.??.??"]

1. e4 c5 2. c3 d5 3. exd5 Qxd5 4. d4 g6 5. dxc5 Qxc5 6. Nf3 Bg7 7. Be2 Nf6 8.
Na3 O-O 9. Be3 Qa5 10. Nc4 Qc7 11. O-O Be6 12. Nce5 Nd5 13. Bd4 Nf4 14. Re1 Rd8
15. Bf1 Nc6 16. Nxc6 bxc6 17. Qa4 Bd5 18. g3 e5 19. gxf4 exd4 1/2-1/2

[Event "15. OIBM Bad Wiessee"]
[Site "Bad Wiessee"]
[Date "2011.11.01"]
[Round "5.33"]
[White "Michalczak, Thomas"]
[Black "Wengler, Joerg"]
[Result "1-0"]
[WhiteElo "2316"]
[BlackElo "2125"]
[PlyCount "33"]
[EventDate "2011.??.??"]

1. e4 d5 2. exd5 Nf6 3. d4 Nxd5 4. c4 Nb6 5. Nf3 g6 6. h3 Bg7 7. Nc3 O-O 8. Be3
Nc6 9. Be2 e5 10. d5 Ne7 11. g4 f5 12. Qb3 Kh8 13. O-O-O Nd7 14. Ng5 Nb8 15. c5
h6 16. d6 hxg5 17. h4 1-0

[Event "15. OIBM Bad Wiessee"]
[Site "Bad Wiessee"]
[Date "2011.11.01"]
[Round "5.35"]
[White "Gassmann, Volker"]
[Black "Rosen, Bernd"]
[Result "1/2-1/2"]
[WhiteElo "2222"]
[BlackElo "2361"]
[PlyCount "55"]
[EventDate "2011.??.??"]

1. d4 Nf6 2. c4 c5 3. Nf3 cxd4 4. Nxd4 e5 5. Nb5 d5 6. cxd5 Bb4+ 7. N1c3 O-O 8.
Bg5 a6 9. Bxf6 Qxf6 10. Qa4 Qe7 11. d6 Bxd6 12. Nxd6 Qxd6 13. Rd1 Qb6 14. Rd2
Bd7 15. Nd5 Qc5 16. Qd1 Nc6 17. e3 Rfd8 18. Be2 Be6 19. b4 Qf8 20. a3 Bxd5 21.
Rxd5 Rxd5 22. Qxd5 Rd8 23. Qc4 Qd6 24. O-O Qd5 25. Rc1 Qxc4 26. Bxc4 Kf8 27.
Kf1 Rd6 28. Ke2 1/2-1/2

[Event "15. OIBM Bad Wiessee"]
[Site "Bad Wiessee"]
[Date "2011.11.01"]
[Round "5.36"]
[White "Welling, Gerard"]
[Black "Juergens, Klaus"]
[Result "1-0"]
[WhiteElo "2322"]
[BlackElo "2155"]
[PlyCount "87"]
[EventDate "2011.??.??"]

1. d4 Nf6 2. Nf3 g6 3. Nc3 d5 4. Bf4 Bg7 5. e3 O-O 6. Be2 c6 7. h4 Qb6 8. Rb1
c5 9. Ne5 Nc6 10. Nxc6 bxc6 11. h5 Nd7 12. hxg6 hxg6 13. Bh6 Bxh6 14. Rxh6 Kg7
15. Rh4 cxd4 16. Qxd4+ Qxd4 17. exd4 e5 18. dxe5 Nxe5 19. f4 g5 20. Rh5 Ng6 21.
Rxg5 Kf6 22. g3 Rh8 23. Kd2 Rh2 24. Rg1 Bf5 25. Rh5 Rh8 26. Rxh8 Nxh8 27. Ke3
Bxc2 28. g4 Ng6 29. Rc1 Rh3+ 30. Kd2 d4 31. Rxc2 dxc3+ 32. Rxc3 Rxc3 33. Kxc3
Nxf4 34. Bf3 c5 35. Kc4 Ke5 36. b3 Kd6 37. Kb5 Nd3 38. Be4 Nc1 39. Bb1 f6 40.
Ka6 Kc6 41. Kxa7 Kb5 42. Kb7 Kb4 43. Kb6 Ne2 44. a4 1-0

[Event "15. OIBM Bad Wiessee"]
[Site "Bad Wiessee"]
[Date "2011.11.01"]
[Round "5.40"]
[White "Babar, Michael"]
[Black "Vatter, Hans-Joachim"]
[Result "1/2-1/2"]
[WhiteElo "2175"]
[BlackElo "2322"]
[PlyCount "49"]
[EventDate "2011.??.??"]

1. Nf3 c5 2. c4 Nc6 3. g3 g6 4. Bg2 Bg7 5. O-O e5 6. Nc3 Nge7 7. Ne1 d6 8. Nc2
a6 9. Ne3 Rb8 10. d3 b5 11. Ned5 O-O 12. Nxe7+ Nxe7 13. Qc2 Bb7 14. Bg5 f6 15.
Bxb7 Rxb7 16. Bd2 Qd7 17. e4 Qh3 18. cxb5 axb5 19. Nxb5 Nc6 20. a4 f5 21. f3 f4
22. Be1 fxg3 23. Bxg3 Rf6 24. Qg2 Qe6 25. f4 1/2-1/2

[Event "15. OIBM Bad Wiessee"]
[Site "Bad Wiessee"]
[Date "2011.11.01"]
[Round "5.43"]
[White "Kummerow, Heiko"]
[Black "Hornung, Hans"]
[Result "1-0"]
[WhiteElo "2347"]
[BlackElo "2158"]
[PlyCount "103"]
[EventDate "2011.??.??"]

1. e4 e6 2. d4 d5 3. Nc3 Nc6 4. Nf3 Nf6 5. Bd3 Nb4 6. Bg5 h6 7. Bxf6 Qxf6 8.
O-O Qd8 9. exd5 Nxd5 10. Nxd5 Qxd5 11. c4 Qd8 12. Ne5 Be7 13. Bc2 Bf6 14. Qh5
Bxe5 15. Qxe5 O-O 16. Rad1 a5 17. a4 Qd6 18. Qe4 g6 19. Rfe1 Bd7 20. Re3 Bc6
21. Qh4 Kg7 22. Rh3 Rh8 23. Rg3 Rad8 24. Re3 Rhe8 25. f4 b6 26. Qg4 Qb4 27. Rg3
Rxd4 28. h4 Rxd1+ 29. Qxd1 h5 30. Qd4+ e5 31. Qd3 Qd6 32. Qxd6 cxd6 33. f5 e4
34. fxg6 fxg6 35. Kf2 Re6 36. Ke3 Kf6 37. Kd4 Be8 38. Bxe4 Re5 39. Rb3 Bxa4 40.
Rxb6 Ke7 41. Bxg6 Bd1 42. Rb7+ Kf6 43. Be4 a4 44. Rb8 Ra5 45. Ra8 Re5 46. Rf8+
Ke7 47. Rf5 Ke6 48. Rxe5+ dxe5+ 49. Kc5 Bg4 50. Kb6 Bf5 51. Bxf5+ Kxf5 52. c5
1-0

[Event "15. OIBM Bad Wiessee"]
[Site "Bad Wiessee"]
[Date "2011.11.01"]
[Round "5.44"]
[White "Thiel, Kuno"]
[Black "Beukema, Stefan"]
[Result "1-0"]
[WhiteElo "2194"]
[BlackElo "2259"]
[PlyCount "65"]
[EventDate "2011.??.??"]

1. Nf3 g6 2. d4 Bg7 3. g3 d6 4. Bg2 Nf6 5. O-O O-O 6. c4 Nc6 7. Nc3 Rb8 8. d5
Na5 9. Nd2 Nd7 10. Qc2 Ne5 11. b3 c6 12. Bb2 b5 13. cxb5 cxb5 14. Rac1 b4 15.
Nd1 Ba6 16. Nf3 Rc8 17. Qd2 Rxc1 18. Bxc1 Nxf3+ 19. Bxf3 Qb6 20. Bb2 Nb7 21.
Bxg7 Kxg7 22. Ne3 Rc8 23. Nc2 Rc3 24. Rd1 Kg8 25. Nd4 Bb5 26. Qg5 Rc7 27. h4
Be8 28. h5 Qa5 29. hxg6 hxg6 30. Kg2 e5 31. Qf6 exd4 32. Rh1 Qxa2 33. Rh8# 1-0

[Event "15. OIBM Bad Wiessee"]
[Site "Bad Wiessee"]
[Date "2011.11.01"]
[Round "5.45"]
[White "Schweiger, Georg"]
[Black "Stockmann, Michael"]
[Result "1-0"]
[WhiteElo "2162"]
[BlackElo "2284"]
[PlyCount "29"]
[EventDate "2011.??.??"]

1. d4 d5 2. Nc3 Nf6 3. Bg5 Nbd7 4. e3 g6 5. f4 Bg7 6. Nf3 O-O 7. Be2 b6 8. Ne5
Bb7 9. O-O c5 10. Qe1 cxd4 11. exd4 Ne4 12. Nxe4 dxe4 13. c3 f6 14. Bc4+ Kh8
15. Nxg6+ 1-0